000 00866cab a2200253 4500
001 ABS55853
008 090401t1996 xxu||||| |||| 00| 0 eng d
035 _a(Sirsi) u19156
041 _aeng
100 _aPugh-Smith, J.
245 _aArchaeology and planning: recent trends and potential conflicts
260 _c1996
350 _a0
490 _aJournal of Planning and Environment Law
_vSeptember 1996, 707-724(17)
520 _aLooks at the archaeological planning issues introduced by PPG15 and considers the problems that are occuring as archaeology plays an increasingly important role in the development control process.
650 _aARCHAEOLOGICAL SITES
650 _aARCHAEOLOGY
650 _aDEVELOPMENT CONTROL
650 _aPPG15
690 _aPLANNING LAW AND PRACTICE
700 _aSamuels, J.
942 _n0
948 _c04/03/1997
999 _c12760
_d12760